| 000 | 00520nam a2200169 4500 | ||
|---|---|---|---|
| 001 | 143987 | ||
| 003 | ES-MaACL | ||
| 005 | 20230906200923.0 | ||
| 007 | t| | ||
| 008 | 070214s1959 sp r ||||1| spa d | ||
| 100 | 1 |
_aShaw, Irwin. _9106032 |
|
| 245 | 1 | 3 |
_aEl baile de los malditos _b: novela / _cIrwin Shaw ; [versión española de Evaristo Otero]. |
| 260 |
_aBarcelona : _bPlaneta, _c1959 ( _fTip. Miguza) |
||
| 300 |
_a648 p. ; _c19 cm. |
||
| 700 | 1 |
_aOtero, Evaristo. _987884 |
|
| 852 |
_aES-MaACL _jC-17028 _bR.44589 |
||
| 999 |
_c143987 _d143987 |
||